Derecho Penal y política criminal: compilación de artículos
Saved in:
| Hovedforfatter: | |
|---|---|
| Format: | Bog |
| Sprog: | spansk |
| Udgivet: |
Santiago
Legal Publishing
2018
|
| Udgivelse: | 2a. ed |
| Fag: | |
| Tags: |
Tilføj Tag
Ingen Tags, Vær først til at tagge denne postø!
|
MARC
| LEADER | 00000cam a2200000 a 4500 | ||
|---|---|---|---|
| 001 | UCC5552 | ||
| 003 | CL-VaPUC | ||
| 008 | 181012e20180000cl |||||||||||||||||spa|d | ||
| 020 | |a 9789563469707 | ||
| 082 | 0 | 4 | |a 345.83 |b KUN |2 21 |
| 100 | |a Künsemüller Loebenfelder, Carlos |e autor |9 589369 | ||
| 245 | 1 | 0 | |a Derecho Penal y política criminal: compilación de artículos |
| 250 | |a 2a. ed | ||
| 300 | |a 853 p | ||
| 942 | |c BK | ||
| 945 | |d 20181012 13:26:00 |a dcastane | ||
| 260 | |a Santiago |b Legal Publishing |c 2018 | ||
| 650 | 7 | |a DERECHO PENAL CHILENO |2 CL-VaPUC |9 599886 | |
| 650 | 0 | |a Responsabilidad penal |9 254899 | |
| 650 | 0 | |a Teoría del delito |9 258906 | |
| 583 | |a last modification |c 20181012 13:26:00 |k Rodrigo Vera | ||
| 999 | |c 372742 |d 372740 | ||
| 952 | |0 0 |1 0 |3 erb |4 0 |6 345_830000000000000_KUN_2018 |7 0 |8 A |9 490539 |a BIBDER |b BIBDER |i 5506298 |l 7 |o 345.83 KUN 2018 |p 5506298 |r 2024-04-22 |s 2024-04-22 |w 2019-11-24 |y BK |z Catalogado en:20181012 |k DER | ||